A home less ordinary (Record no. 80129)
[ view plain ]
| 000 -LEADER | |
|---|---|
| fixed length control field | 01071cab a22002055a 4500 |
| 001 - CONTROL NUMBER | |
| control field | L143277 |
| 008 - FIXED-LENGTH DATA ELEMENTS--GENERAL INFORMATION | |
| fixed length control field | 080423e20080418xxk 000 0 eng d |
| 035 ## - SYSTEM CONTROL NUMBER | |
| System control number | (Sirsi) u143277 |
| 041 0# - LANGUAGE CODE | |
| Language code of text/sound track or separate title | eng |
| 100 1# - MAIN ENTRY--PERSONAL NAME | |
| Personal name | Lane, Thomas |
| 245 02 - TITLE STATEMENT | |
| Title | A home less ordinary |
| 260 ## - PUBLICATION, DISTRIBUTION, ETC. | |
| Date of publication, distribution, etc. | 2008 |
| 490 ## - SERIES STATEMENT | |
| Series statement | Building Magazine |
| Volume/sequential designation | 273(8525) 18 April 2008, 70-72(3) |
| 520 ## - SUMMARY, ETC. | |
| Summary, etc. | Describes the construction of the first house by a major housebuilder in compliance with level six of the Code for Sustainable Homes. Built by Barratt, the design is in keeping with the traditional appearance of Barratt new-builds. Photovoltaic cells have been employed but biomass has been eschewed, due to problems of small-scale supply. Describes the specifications in use, including triple glazing and super insulation. Warns that there will need to be a major on-site culture change in order to implement these changes on a large scale. |
| 590 ## - LOCAL NOTE (RLIN) | |
| Local note | KA |
| 650 24 - SUBJECT ADDED ENTRY--TOPICAL TERM | |
| Topical term or geographic name entry element | DCLG CODE FOR SUSTAINABLE HOMES |
| 651 #4 - SUBJECT ADDED ENTRY--GEOGRAPHIC NAME | |
| Geographic name | United Kingdom |
| Chronological subdivision | |
| 690 ## - LOCAL SUBJECT ADDED ENTRY--TOPICAL TERM (OCLC, RLIN) | |
| Topical term or geographic name as entry element | BUILT ENVIRONMENT-SUSTAINABLE CONSTRUCTION |
| 942 ## - ADDED ENTRY ELEMENTS (KOHA) | |
| Suppress in OPAC | 0 |
| Withdrawn status | Lost status | Source of classification or shelving scheme | Damaged status | Not for loan | Home library | Current library | Shelving location | Date acquired | Total Checkouts | Full call number | Barcode | Date last seen | Copy number | Price effective from | Koha item type |
|---|---|---|---|---|---|---|---|---|---|---|---|---|---|---|---|
| Dewey Decimal Classification | London | London | Journal article | 23/04/2008 | L143277 | 143277-1001 | 06/08/2019 | 1 | 06/08/2019 | Journal article |